00639nam a2200193Ia 4500008004100000020001300041082001700054100001900071245007000090250000700160260003500167300002900202500001900231600002700250650001500277942000700292952013100299999001500430240925s9999 xx 000 0 und d a71207031 a621.3815 FRA aFranco, Sergio 0aDesign with Operational Amplifiers and Analog Integrated Circuits aNA aToronto:bMc Graw-Hillc,2002. axii,265p.bNAfPhotocopy aIncludes Index aEngineering Technology aTechnology cBK 001040708ETaUITUbUITUd2002-06-08eS.S. Book Agencyg2009.60l0o621.3815 FRApQ4481r2024-09-25 07:13:31w2024-09-25yBK c6980d6980